| 000 | 00494nam a22001575i 4500 | ||
|---|---|---|---|
| 008 | 161208s2017 cau 000 0 eng | ||
| 020 | _a9781473925007 (hardcover) | ||
| 020 | _a9781473925014 (paberback) | ||
| 050 |
_aHM851 _b.L56 |
||
| 100 | 1 | _aLindgren, Simon. | |
| 245 | 1 | 0 |
_aDigital media and society : _btheories, topics and tools / _cSimon Lindgren. |
| 260 |
_aLondon _bSage _c2017 |
||
| 300 |
_avii, 320p. _bill. |
||
| 650 |
_aDigital Media-Social aspect _vInformation society |
||
| 942 | _cBK | ||
| 999 |
_c3484 _d3484 |
||